Rihanna - Paroles Umbrella (feat. Jay-Z) - Statistiques

Statistiques générales
  • Ce quiz a été pris 90 fois
  • Le résultat moyen est 300 sur 497
Statistiques - réponses
Hint Réponse % Correct
eh,
95%
eh
95%
You
95%
(you
95%
you
95%
I
94%
to
94%
A
92%
be
91%
the
91%
umbrella
91%
umbrella,
91%
ella,
90%
ella
90%
together
88%
Together
88%
When
88%
when
88%
my
87%
shine
87%
sun
87%
Intro Uh
85%
uh
85%
we
85%
We
85%
huh,
83%
huh
83%
(Hov)
82%
in
82%
In
82%
Ooh,
82%
for
79%
friend
74%
always
73%
Because
73%
me
73%
me)
73%
under
73%
Under
73%
forever
72%
your
72%
an
69%
can
69%
end
69%
have
69%
rain,
69%
Rain
69%
rain
69%
here
68%
it
68%
ever
67%
Couplet 1 No
67%
no
67%
heart
64%
I'll
64%
And
63%
and
63%
Told
62%
it's
58%
its
58%
It's
58%
Said
55%
need
54%
there
54%
'cause
53%
come,
53%
come
53%
Come
53%
more
53%
stand
53%
each
51%
other
50%
still
49%
raining
47%
raining,
47%
never
46%
Baby,
45%
baby,
45%
dark
45%
shines,
45%
star
45%
that
45%
than
44%
we'll
42%
Rihanna)
41%
Rihanna,
41%
Now
40%
share
40%
(yeah,
40%
gon'
38%
into
38%
know
37%
Know
37%
But
36%
apart
35%
stick
35%
don't
33%
magazines
33%
Maybe
33%
see
33%
Took
33%
took
33%
With
33%
Girl
32%
Let
31%
let
31%
will
31%
(Good
29%
So
29%
where
29%
between
28%
you'll
28%
all
27%
love)
27%
out
27%
pour
27%
(take
27%
that's
26%
Gone
24%
gone
24%
is
24%
Sunshine,
24%
worlds
24%
Bad)
23%
clouds
23%
cars
22%
Jay,
22%
back
21%
can't
21%
oath,
21%
part
19%
arms
18%
at?
18%
our
18%
pouring
18%
(there's
17%
things
17%
action)
15%
has
15%
okay,
15%
run
15%
shiny
15%
distance
14%
three,
14%
You're
14%
If
13%
I'ma
13%
alarmed
12%
Roc
12%
anticipation
10%
infinity
10%
of
10%
stones
10%
Couplet 3 These
10%
day
9%
fancy
9%
hand
9%
Little
9%
cards
8%
entity,
8%
hard
8%
Man
8%
Ms.
8%
rainy
6%
weather
6%
better
5%
dealt
5%
Fella
5%
hydroplane
5%
mend
5%
Dow
4%
fly
4%
like
4%
or
4%
war
4%
bank
3%
Comin'
3%
down
3%
Jones
3%
stack
3%
chips
1%
G5's
1%
higher
1%
precipitation
1%
Aucun quiz correspondant
Distribution des résultats
% des personnes avec chaque résultat
Percentile par nombre de réponses
Votre historique - résultats
Vous n’avez pas pris ce quiz